Gaming Quiz

Random Gaming or Console Quiz
Score 0/25 Timer 05:00
0 Plays Today
Letter 4-letter word % Correct
BBros.
74%
KKart
70.8%
SStar
48.3%
LLand
42.7%
KKong
41.4%
GGolf
32.2%
GGame
31.5%
TTime
29.1%
DDoor
23.2%
DDash
19.5%
OOpen
17.2%
AAces
17%
MMoon
15.2%
Letter 4-letter word % Correct
SSaga
14.4%
TTour
13.9%
DDark
13.8%
TTeam
13.3%
WWith
11.9%
WWhen
10.6%
GGrow
8.6%
CCrew
7.6%
AAway
7.5%
MMike
5.8%
MMove
5.3%
CCure
4.2%
Remove Ads.
Support Sporcle.
Get the best of Sporcle when you Go Orange. This ad-free experience offers more features, more stats, and more fun while also helping to support Sporcle. Thank you for becoming a member.

You're not logged in!

Compare scores with friends on all Sporcle quizzes.
OR
Log In

Show Comments

Extras

Top Quizzes Today


Score Distribution

Your Account Isn't Verified!

In order to create a playlist on Sporcle, you need to verify the email address you used during registration. Go to your Sporcle Settings to finish the process.

Report this User

Report this user for behavior that violates our Community Guidelines.

Details: